| 000 | 00426nam a2200145 i 4500 | ||
|---|---|---|---|
| 001 | 100895 | ||
| 003 | ES-MaACL | ||
| 007 | t| | ||
| 008 | 051006s1986 fr ||||1| fre d | ||
| 020 | _a2-7116-0905-7 | ||
| 100 | 1 |
_aMatheron, Alexandre. _979019 |
|
| 245 | 1 | 0 |
_aAnthropologie et politique au XVIIe siècle _b: études sur Spinoza / _cA. Matheron. |
| 260 |
_aParis : _bJ. Vrin, _c1986. |
||
| 852 |
_aES-MaACL _jG-2923 _bR.113801 |
||
| 999 |
_c100895 _d100895 |
||